[Event "Tehran Universities-ch"]
[Site "Tehran"]
[Date "2020.12.01"]
[Round "6"]
[White "Veisi, Bardia"]
[Black "Kowsarinia, Amir"]
[Result "0-1"]
[WhiteElo "2273"]
[BlackElo "2290"]
[PlyCount "146"]
[EventDate "2020.11.30"]
[EventType "swiss (rapid)"]
[EventRounds "7"]
[EventCountry "IRI"]
[SourceTitle "CBM 199 Extra"]
[Source "ChessBase"]
[SourceDate "2021.01.31"]
[SourceVersion "1"]
[SourceVersionDate "2021.01.31"]
[SourceQuality "1"]

1. d4 g6 2. c4 Bg7 3. e4 d6 4. Nc3 c5 5. Nge2 Nd7 6. Be3 Ngf6 7. f3 a6 8. Qd2 Rb8 9. Ng3 0-0 10. Be2 cxd4 11. Bxd4 Ne5 12. 0-0 Be6 13. b3 Nc6 14. Be3 Qa5 15. Rac1 Rfc8 16. Rfd1 b5 17. Nd5 Qxd2 18. Bxd2 Bxd5 19. exd5 Nd4 20. Bf1 bxc4 21. Bxc4 Nb5 22. Ne4 Nxe4 23. fxe4 Bb2 24. Rb1 Bd4+ 25. Kf1 Na3 26. Bxa6 Nxb1 27. Bxc8 Nxd2+ 28. Rxd2 Bc3 29. Rc2 Rxc8 30. Ke2 Rc5 31. Kd3 Bb4 32. Rc4 Rb5 33. Rc7 e5 34. Kc4 Rb8 35. Ra7 Bc5 36. Ra4 f5 37. b4 Bg1 38. exf5 gxf5 39. h3 e4 40. Ra6 Bb6 41. Kc3 Kf7 42. a4 Ke7 43. a5 Bf2 44. Rc6 Be1+ 45. Kc2 Bxb4 46. Rc7+ Kf6 47. a6 Bc5 48. Rxh7 Ra8 49. Rh6+ Ke5 50. Rh5 Rxa6 51. g4 Ra2+ 52. Kd1 Rf2 53. Rg5 Kxd5 54. h4 Ke5 55. h5 Be3 56. Rg6 fxg4 57. Rxg4 Rh2 58. Rg3 Bf4 59. Rg8 Rxh5 60. Re8+ Kd4 61. Ke2 d5 62. Ra8 Rh2+ 63. Kf1 Rc2 64. Ra4+ Rc4 65. Ra2 Rc3 66. Ra8 Ke3 67. Ra2 Rc1+ 68. Kg2 d4 69. Ra3+ d3 70. Rb3 Kd4 71. Rb4+ Rc4 72. Rb7 d2 73. Rd7+ Ke3 0-1

[Event "Sharjah Masters 2nd"]
[Site "Sharjah"]
[Date "2018.04.17"]
[Round "7"]
[White "Vishnu, Prasanna V"]
[Black "Kowsarinia, Amir"]
[Result "1-0"]
[WhiteElo "2510"]
[BlackElo "2316"]
[PlyCount "95"]
[EventDate "2018.04.12"]
[EventType "swiss"]
[EventRounds "9"]
[EventCountry "UAE"]
[SourceTitle "CBM 184 Extra"]
[Source "ChessBase"]
[SourceDate "2018.06.28"]
[SourceVersion "1"]
[SourceVersionDate "2018.06.28"]
[SourceQuality "1"]

1. e4 c5 2. Nf3 Nc6 3. d4 cxd4 4. Nxd4 e5 5. Nb5 a6 6. Nd6+ Bxd6 7. Qxd6 Qf6 8. Qd2 Nge7 9. Nc3 d6 10. f3 Nd4 11. Qf2 Be6 12. Be3 Rc8 13. 0-0-0 Nec6 14. Kb1 0-0 15. a3 Qd8 16. Qd2 b5 17. Nd5 f5 18. Bd3 f4 19. Bf2 Bf7 20. c3 Nb3 21. Qe2 Ne7 22. Bh4 Bxd5 23. exd5 Nc5 24. Bc2 Qe8 25. Rhe1 Qf7 26. Bf2 Rc7 27. b4 Nd7 28. Qd3 g6 29. Bb3 Rb8 30. Kb2 Nc8 31. Rc1 Ndb6 32. Re4 Kg7 33. g3 fxg3 34. hxg3 Ne7 35. f4 Nc4+ 36. Bxc4 bxc4 37. Rxc4 Rxc4 38. Qxc4 Rc8 39. Qxa6 Qxd5 40. fxe5 Rf8 41. Qa7 Kg8 42. exd6 Nc6 43. Qc5 Qe4 44. Bd4 h5 45. d7 Qe6 46. b5 Rb8 47. Qxc6 Qe2+ 48. Ka1 1-0

[Event "Sharjah Masters 2nd"]
[Site "Sharjah"]
[Date "2018.04.14"]
[Round "3"]
[White "Mullick, Raahil"]
[Black "Kowsarinia, Amir"]
[Result "1-0"]
[WhiteElo "2053"]
[BlackElo "2316"]
[PlyCount "69"]
[EventDate "2018.04.12"]
[EventType "swiss"]
[EventRounds "9"]
[EventCountry "UAE"]
[SourceTitle "CBM 184 Extra"]
[Source "ChessBase"]
[SourceDate "2018.06.28"]
[SourceVersion "1"]
[SourceVersionDate "2018.06.28"]
[SourceQuality "1"]

1. e4 c5 2. Nf3 e6 3. d4 cxd4 4. Nxd4 a6 5. Bd3 Bc5 6. Nb3 Be7 7. 0-0 d6 8. Qg4 Bf6 9. Nc3 Nc6 10. Be3 Nge7 11. Rad1 0-0 12. f4 Qc7 13. Rf3 g6 14. Rh3 b5 15. Rf1 b4 16. Ne2 Rd8 17. Nd2 Rb8 18. b3 d5 19. e5 Bg7 20. Qh4 h6 21. f5 exf5 22. Bxh6 Bxh6 23. Qxh6 Qxe5 24. Nf3 Qg7 25. Qf4 f6 26. Rg3 Ne5 27. Ned4 Bd7 28. Re1 Nxf3+ 29. Nxf3 Bb5 30. Rxe7 Qxe7 31. Rxg6+ Kf7 32. Qh6 Rg8 33. Ng5+ Ke8 34. Rxg8+ Kd7 35. Rg7 1-0

[Event "Abu Dhabi op 23rd"]
[Site "Abu Dhabi"]
[Date "2015.08.30"]
[Round "8"]
[White "Yashas, Devappa"]
[Black "Kowsarinia, Amir"]
[Result "1-0"]
[WhiteElo "2135"]
[BlackElo "2332"]
[PlyCount "67"]
[EventDate "2015.08.23"]
[EventType "swiss"]
[EventRounds "9"]
[EventCountry "UAE"]
[SourceTitle "EXT 2016"]
[Source "ChessBase"]
[SourceDate "2015.10.08"]
[SourceVersion "1"]
[SourceVersionDate "2015.10.08"]
[SourceQuality "1"]

1. e4 c5 2. Nf3 e6 3. b3 d6 4. Bb2 e5 5. Bc4 g6 6. 0-0 Bg7 7. Nc3 Nc6 8. h3 h6 9. Nd5 Nge7 10. c3 0-0 11. d4 exd4 12. cxd4 g5 13. Qd2 cxd4 14. Nxd4 Ne5 15. f4 Nxd5 16. Bxd5 gxf4 17. Rxf4 Bf6 18. Rff1 Kh7 19. Nf3 Qe7 20. Rad1 Rg8 21. Kh1 Rg7 22. Nxe5 dxe5 23. Qf2 Bh4 24. Qxf7 Qg5 25. Qf3 Bg3 26. Bc1 Bf4 27. Bxf4 exf4 28. Rd2 Bd7 29. Qxf4 Qe7 30. Qf6 Qb4 31. Qd4 Qe7 32. Rdf2 Qg5 33. e5 Bb5 34. Qe4+ 1-0

[Event "Chigorin Memorial 22nd"]
[Site "St Petersburg"]
[Date "2014.10.26"]
[Round "9"]
[White "Kowsarinia, Amir"]
[Black "Malakhov, Igor"]
[Result "0-1"]
[WhiteElo "2331"]
[BlackElo "2441"]
[PlyCount "74"]
[EventDate "2014.10.18"]
[EventType "swiss"]
[EventRounds "9"]
[EventCountry "RUS"]
[SourceTitle "EXT 2015"]
[Source "ChessBase"]
[SourceDate "2014.11.20"]
[SourceVersion "1"]
[SourceVersionDate "2014.11.20"]
[SourceQuality "1"]

1. d4 Nf6 2. c4 e6 3. Nf3 d5 4. Nc3 Be7 5. Bg5 0-0 6. e3 h6 7. Bh4 Ne4 8. Bxe7 Qxe7 9. Rc1 c6 10. Bd3 Nxc3 11. Rxc3 dxc4 12. Bxc4 Nd7 13. 0-0 b6 14. Bd3 Bb7 15. Be4 Rac8 16. Qa4 b5 17. Qxa7 Rc7 18. Qa5 Nf6 19. Nd2 Ra8 20. Qb6 Rxa2 21. Rb1 e5 22. f3 exd4 23. exd4 Rd7 24. Rc2 Qb4 25. d5 cxd5 26. Bd3 Ra8 27. Qxb5 Qd4+ 28. Kh1 Re7 29. Nb3 Qh4 30. Re2 Rae8 31. Rxe7 Rxe7 32. Qa5 g6 33. g3 Qg5 34. Re1 Re3 35. Rxe3 Qxe3 36. Qd2 Qxf3+ 37. Kg1 d4 0-1

[Event "Baku op"]
[Site "Baku"]
[Date "2014.09.28"]
[Round "7"]
[White "Pourramezanali, Amirreza"]
[Black "Kowsarinia, Amir"]
[Result "1-0"]
[WhiteElo "2429"]
[BlackElo "2331"]
[PlyCount "61"]
[EventDate "2014.09.22"]
[EventType "swiss"]
[EventRounds "9"]
[EventCountry "AZE"]
[SourceTitle "CBM 162 Extra"]
[Source "ChessBase"]
[SourceDate "2014.10.17"]
[SourceVersion "1"]
[SourceVersionDate "2014.10.17"]
[SourceQuality "1"]

1. Nf3 Nf6 2. c4 c5 3. g3 e6 4. Bg2 d5 5. cxd5 exd5 6. d4 Be7 7. 0-0 0-0 8. Nc3 Nc6 9. Bg5 c4 10. Ne5 Be6 11. b3 h6 12. Bxf6 Bxf6 13. bxc4 dxc4 14. Nxc6 bxc6 15. e3 Qa5 16. Rc1 Rfc8 17. Qa4 Qxa4 18. Nxa4 Rab8 19. Nc5 Bd5 20. Rfd1 Rd8 21. e4 Be6 22. Nxe6 fxe6 23. e5 Be7 24. Bxc6 Rb4 25. a3 Rb6 26. Rxc4 Bxa3 27. d5 exd5 28. Rxd5 Rf8 29. Rd3 Rb1+ 30. Kg2 Bb4 31. e6 1-0

[Event "Baku op"]
[Site "Baku"]
[Date "2014.09.24"]
[Round "3"]
[White "Kuzubov, Yuriy"]
[Black "Kowsarinia, Amir"]
[Result "1-0"]
[WhiteElo "2663"]
[BlackElo "2331"]
[PlyCount "77"]
[EventDate "2014.09.22"]
[EventType "swiss"]
[EventRounds "9"]
[EventCountry "AZE"]
[SourceTitle "CBM 162 Extra"]
[Source "ChessBase"]
[SourceDate "2014.10.17"]
[SourceVersion "1"]
[SourceVersionDate "2014.10.17"]
[SourceQuality "1"]

1. d4 Nf6 2. c4 g6 3. Nc3 d5 4. cxd5 Nxd5 5. Bd2 Bg7 6. e4 Nxc3 7. Bxc3 0-0 8. Nf3 c5 9. d5 Bxc3+ 10. bxc3 Bg4 11. Qd2 Nd7 12. Ng5 f6 13. Be2 fxg5 14. Bxg4 Rf4 15. Be2 Ne5 16. Qe3 Qa5 17. 0-0 Raf8 18. g3 Nf3+ 19. Kg2 R4f7 20. d6 exd6 21. Bc4 g4 22. Rad1 Ne5 23. Bxf7+ Rxf7 24. h3 gxh3+ 25. Kxh3 Rf3 26. Qd2 Nf7 27. c4 Qxd2 28. Rxd2 Rc3 29. e5 dxe5 30. Rd7 Rxc4 31. Rb1 Rc2 32. Kg2 b6 33. Rxa7 e4 34. Kf1 c4 35. Rxb6 Rc1+ 36. Ke2 Rc2+ 37. Ke3 Rc3+ 38. Kxe4 Rc2 39. f4 1-0

[Event "Baku op"]
[Site "Baku"]
[Date "2014.09.23"]
[Round "2"]
[White "Kowsarinia, Amir"]
[Black "Shabanov, Nurlan Mammad"]
[Result "1-0"]
[WhiteElo "2331"]
[BlackElo "2106"]
[PlyCount "123"]
[EventDate "2014.09.22"]
[EventType "swiss"]
[EventRounds "9"]
[EventCountry "AZE"]
[SourceTitle "CBM 162 Extra"]
[Source "ChessBase"]
[SourceDate "2014.10.17"]
[SourceVersion "1"]
[SourceVersionDate "2014.10.17"]
[SourceQuality "1"]

1. d4 Nf6 2. c4 g6 3. Nc3 Bg7 4. e4 0-0 5. Nf3 d6 6. Be2 Bg4 7. Be3 Nfd7 8. Qd2 c5 9. d5 Na6 10. h3 Bxf3 11. Bxf3 Nc7 12. h4 e6 13. h5 exd5 14. exd5 f5 15. Be2 Qf6 16. Bg5 Qe5 17. hxg6 hxg6 18. Qd3 Kf7 19. Rh3 Rae8 20. 0-0-0 Rh8 21. Rg3 Qd4 22. Qf3 Ne5 23. Qe3 Qxe3+ 24. fxe3 Bh6 25. Rf1 Nd7 26. Bxh6 Rxh6 27. e4 Re5 28. Bd3 f4 29. Rxf4+ Kg7 30. Nd1 Nf6 31. Rgf3 Nce8 32. Nf2 Rg5 33. Bf1 Rhh5 34. Ra3 Re5 35. Rxa7 Re7 36. Kd2 g5 37. Rf3 g4 38. Rb3 Kf8 39. Rbxb7 Rxb7 40. Rxb7 g3 41. Nh3 Nxe4+ 42. Ke3 N8f6 43. Nf4 Rh1 44. Be2 Rc1 45. Kf3 Nd2+ 46. Kxg3 Nxc4 47. Bxc4 Rxc4 48. b3 Rc2 49. a4 Rc3+ 50. Kh4 c4 51. b4 Rd3 52. a5 c3 53. Rc7 Rd4 54. Kg5 Ne4+ 55. Kf5 Rxb4 56. a6 Ng3+ 57. Kg5 Ra4 58. a7 c2 59. Nd3 Ne4+ 60. Kg6 Nc5 61. Nc1 Rg4+ 62. Kf5 1-0

[Event "Asia U20 op"]
[Site "Sharjah"]
[Date "2013.04.02"]
[Round "5"]
[White "Kowsarinia, Amir"]
[Black "Mukashev, Assan"]
[Result "1-0"]
[WhiteElo "2301"]
[BlackElo "2256"]
[PlyCount "71"]
[EventDate "2013.03.30"]
[EventType "swiss"]
[EventRounds "9"]
[EventCountry "UAE"]
[SourceTitle "CBM 153 Extra"]
[Source "ChessBase"]
[SourceDate "2013.04.22"]
[SourceVersion "1"]
[SourceVersionDate "2013.04.22"]
[SourceQuality "1"]

1. Nf3 Nf6 2. c4 b6 3. g3 Bb7 4. Bg2 e6 5. 0-0 Be7 6. d4 0-0 7. d5 exd5 8. Nh4 c6 9. cxd5 Nxd5 10. Nf5 Nc7 11. e4 d5 12. Nc3 Nba6 13. Re1 Bf6 14. e5 Be7 15. Qg4 Ne6 16. Rd1 Kh8 17. Ne4 Nac5 18. Ned6 Ba6 19. f4 f6 20. b4 Nb7 21. b5 fxe5 22. fxe5 Nxd6 23. Nxe7 Qxe7 24. exd6 Qf6 25. bxa6 Qxa1 26. Qxe6 Rae8 27. Qg4 Qxa2 28. Rf1 Rxf1+ 29. Bxf1 Rf8 30. Bf4 d4 31. d7 Qd5 32. Bd3 g6 33. Qg5 Qxd7 34. Be5+ Kg8 35. Bc4+ Rf7 36. Qh6 1-0

[Event "Asia U20 op"]
[Site "Sharjah"]
[Date "2013.04.01"]
[Round "3"]
[White "Salem, AR Saleh"]
[Black "Kowsarinia, Amir"]
[Result "1-0"]
[WhiteElo "2518"]
[BlackElo "2301"]
[PlyCount "85"]
[EventDate "2013.03.30"]
[EventType "swiss"]
[EventRounds "9"]
[EventCountry "UAE"]
[SourceTitle "CBM 153 Extra"]
[Source "ChessBase"]
[SourceDate "2013.04.22"]
[SourceVersion "1"]
[SourceVersionDate "2013.04.22"]
[SourceQuality "1"]

1. d4 d5 2. c4 e6 3. Nf3 c5 4. cxd5 exd5 5. Nc3 Nc6 6. Be3 c4 7. g3 Bb4 8. Bg2 Nge7 9. 0-0 0-0 10. a3 Ba5 11. Bf4 Bf5 12. b4 Bb6 13. Qd2 f6 14. Rac1 Bg4 15. Be3 Qd7 16. Na4 Kh8 17. Nc5 Qc8 18. Rfd1 Bd8 19. b5 Na5 20. Qb4 b6 21. Na6 Re8 22. Nd2 Bxe2 23. Re1 Bd3 24. Bf4 Qd7 25. Nb8 Qb7 26. Qd6 Bg6 27. Nc6 Bf7 28. a4 Naxc6 29. bxc6 Qc8 30. Qd7 g5 31. Bxd5 gxf4 32. Bxf7 Qxd7 33. cxd7 Rf8 34. Bxc4 fxg3 35. hxg3 a6 36. Ne4 Nf5 37. Red1 Ng7 38. Nd6 Ra7 39. Nf7+ Rxf7 40. Bxf7 Rxd7 41. Rc8 h6 42. Bg6 Rd6 43. d5 1-0

[Event "Wch U16"]
[Site "Maribor"]
[Date "2012.11.16"]
[Round "9.8"]
[White "Kowsarinia, Amir"]
[Black "Javanbakht, Nima"]
[Result "1-0"]
[WhiteElo "2262"]
[BlackElo "2416"]
[PlyCount "129"]
[EventDate "2012.11.08"]
[EventType "swiss"]
[EventRounds "11"]
[EventCountry "SLO"]
[SourceTitle "EXT 2013"]
[Source "ChessBase"]
[SourceDate "2012.11.22"]
[SourceVersion "1"]
[SourceVersionDate "2012.11.22"]
[SourceQuality "1"]

1. d4 d5 2. c4 e6 3. Nf3 Nf6 4. Nc3 Be7 5. Bg5 0-0 6. e3 h6 7. Bh4 b6 8. Bd3 Bb7 9. cxd5 exd5 10. 0-0 Nbd7 11. Rc1 c5 12. dxc5 bxc5 13. Qe2 Ne4 14. Bxe7 Qxe7 15. Rfd1 Rab8 16. b3 Ndf6 17. Bxe4 dxe4 18. Nd2 Bc8 19. h3 Rd8 20. Nf1 Bf5 21. Ng3 Bg6 22. Na4 Rxd1+ 23. Qxd1 Rd8 24. Qc2 Nd7 25. Nxc5 Ne5 26. Qc3 Kh7 27. b4 Rc8 28. Qb2 Qf6 29. Qd4 Rd8 30. Ncxe4 Qe7 31. Qc5 Qe6 32. Qxa7 Bxe4 33. Nxe4 Qg6 34. Qc7 Rd5 35. Ng3 Nd3 36. Rc6 f6 37. Qb8 h5 38. Rc8 Qf7 39. a3 Rg5 40. Rh8+ Kg6 41. Qe8 Qxe8 42. Rxe8 h4 43. Ne4 Rd5 44. Nc3 Rd7 45. Re4 Rc7 46. Ne2 Rc2 47. Rd4 Ne5 48. Nf4+ Kf5 49. Nd3 Nc4 50. a4 g5 51. Rd5+ Ke4 52. Rd4+ Kf5 53. b5 Nd2 54. Ne1 Rb2 55. f3 Nb1 56. Rc4 Ke6 57. Rc1 Kd5 58. Nd3 Rb3 59. Nc5 Rb2 60. Ne4 Ke5 61. Rc5+ Ke6 62. Rc6+ Ke5 63. Nxf6 Nd2 64. Nd7+ Kd5 65. Nb6+ 1-0

[Event "Wch U16"]
[Site "Maribor"]
[Date "2012.11.15"]
[Round "8.15"]
[White "Papasimakopoulos, Alexandros"]
[Black "Kowsarinia, Amir"]
[Result "0-1"]
[WhiteElo "2156"]
[BlackElo "2262"]
[PlyCount "98"]
[EventDate "2012.11.08"]
[EventType "swiss"]
[EventRounds "11"]
[EventCountry "SLO"]
[SourceTitle "EXT 2013"]
[Source "ChessBase"]
[SourceDate "2012.11.22"]
[SourceVersion "1"]
[SourceVersionDate "2012.11.22"]
[SourceQuality "1"]

1. d4 Nf6 2. c4 c5 3. d5 b5 4. Qc2 d6 5. e4 bxc4 6. Nf3 g6 7. Nfd2 Bg7 8. Nc3 0-0 9. Nxc4 e6 10. dxe6 Bxe6 11. Bf4 Nc6 12. Bxd6 Bxc4 13. Bxf8 Bxf1 14. Bxg7 Nd4 15. 0-0-0 Bxg2 16. Bxf6 Qxf6 17. Nd5 Qd6 18. Rxd4 cxd4 19. Rd1 Bf3 20. Rxd4 Qxh2 21. b3 Qe5 22. Rc4 Rd8 23. Qc3 Qxc3+ 24. Rxc3 Bg2 25. Rg3 Bf1 26. f4 Kf8 27. Kd2 Ba6 28. Ke3 Bb7 29. Nc3 Ke7 30. b4 h5 31. a4 Rh8 32. b5 h4 33. Rh3 f6 34. Kf3 Bc8 35. Rh2 Be6 36. Nd5+ Bxd5 37. exd5 Kd6 38. Kg4 h3 39. Kg3 Kxd5 40. Rd2+ Ke4 41. Kh2 Kxf4 42. Rd7 g5 43. Rxa7 g4 44. Rc7 g3+ 45. Kh1 Re8 46. Rc1 Kg4 47. Rc4+ Kf3 48. Rc1 h2 49. b6 g2+ 0-1

[Event "Wch U16"]
[Site "Maribor"]
[Date "2012.11.14"]
[Round "7.20"]
[White "Kowsarinia, Amir"]
[Black "Radovanovic, Nikola"]
[Result "1-0"]
[WhiteElo "2262"]
[BlackElo "2170"]
[PlyCount "127"]
[EventDate "2012.11.08"]
[EventType "swiss"]
[EventRounds "11"]
[EventCountry "SLO"]
[SourceTitle "EXT 2013"]
[Source "ChessBase"]
[SourceDate "2012.11.22"]
[SourceVersion "1"]
[SourceVersionDate "2012.11.22"]
[SourceQuality "1"]

1. d4 Nf6 2. c4 g6 3. Nc3 Bg7 4. e4 d6 5. Nf3 0-0 6. Be2 e5 7. 0-0 Nbd7 8. Be3 Qe7 9. Qc2 c6 10. Rad1 b6 11. b4 Bb7 12. dxe5 dxe5 13. Qb1 Ng4 14. Bg5 f6 15. Bc1 Rfd8 16. c5 Nh6 17. Nd2 Rab8 18. cxb6 axb6 19. Nc4 b5 20. Na5 Ba8 21. Be3 Nf7 22. Bg4 Bh6 23. Ba7 Rbc8 24. Bc5 Nxc5 25. Bxc8 Rxc8 26. bxc5 Qxc5 27. Qb3 Qe7 28. Rd3 Kg7 29. Rfd1 Rc7 30. a4 b4 31. Ne2 c5 32. Qc4 Kh8 33. Nb3 Bf8 34. Ng3 Bc6 35. Ra1 Nd6 36. Qxc5 Nxe4 37. Qxe7 Bxe7 38. Nxe4 Bxe4 39. Re3 Ba8 40. a5 e4 41. a6 f5 42. Ree1 Bf6 43. Rec1 Bc3 44. a7 Kg7 45. Ra6 Kf7 46. g3 g5 47. Nd4 Rc5 48. Ne6 Rd5 49. Nc7 Rd8 50. Rb6 e3 51. Rb8 Rd7 52. Rxa8 exf2+ 53. Kf1 Rxc7 54. Rf8+ Kxf8 55. a8Q+ Kf7 56. Qa5 Re7 57. Qxf5+ Ke8 58. Qc8+ Kf7 59. Kxf2 Kg7 60. Kg2 Re2+ 61. Kh1 Re7 62. Rf1 Bf6 63. Qf5 Rf7 64. Qb5 1-0

[Event "Wch U16"]
[Site "Maribor"]
[Date "2012.11.12"]
[Round "6.9"]
[White "Bortnyk, Olexandr"]
[Black "Kowsarinia, Amir"]
[Result "1-0"]
[WhiteElo "2361"]
[BlackElo "2262"]
[PlyCount "63"]
[EventDate "2012.11.08"]
[EventType "swiss"]
[EventRounds "11"]
[EventCountry "SLO"]
[SourceTitle "EXT 2013"]
[Source "ChessBase"]
[SourceDate "2012.11.22"]
[SourceVersion "1"]
[SourceVersionDate "2012.11.22"]
[SourceQuality "1"]

1. e4 c5 2. Nf3 e6 3. c3 d5 4. exd5 exd5 5. d4 Nc6 6. Bb5 Bd6 7. 0-0 Nge7 8. Nbd2 0-0 9. dxc5 Bxc5 10. Nb3 Bd6 11. h3 Bf5 12. Be3 Re8 13. Nbd4 Bg6 14. Qd2 Qd7 15. Bf4 Rad8 16. Rfe1 Be4 17. Rad1 Ng6 18. Bxd6 Qxd6 19. Ng5 Qf6 20. Nxe4 dxe4 21. Bxc6 bxc6 22. Qe3 Nf4 23. Nxc6 Rxd1 24. Rxd1 Qg5 25. g3 Nxh3+ 26. Kg2 Qg4 27. f3 exf3+ 28. Kh2 Rf8 29. Qe7 g5 30. Qf6 h6 31. Ne7+ Kh7 32. Nf5 1-0

[Event "Wch U16"]
[Site "Maribor"]
[Date "2012.11.09"]
[Round "2.21"]
[White "Kowsarinia, Amir"]
[Black "Marutkins, Olegs"]
[Result "1-0"]
[WhiteElo "2262"]
[BlackElo "2095"]
[PlyCount "79"]
[EventDate "2012.11.08"]
[EventType "swiss"]
[EventRounds "11"]
[EventCountry "SLO"]
[SourceTitle "EXT 2013"]
[Source "ChessBase"]
[SourceDate "2012.11.22"]
[SourceVersion "1"]
[SourceVersionDate "2012.11.22"]
[SourceQuality "1"]

1. d4 Nf6 2. c4 g6 3. Nc3 Bg7 4. e4 d6 5. Nf3 0-0 6. Be2 e5 7. 0-0 Nc6 8. d5 Ne7 9. Ne1 Nd7 10. f3 f5 11. g4 f4 12. h4 Kf7 13. Rf2 Ng8 14. Rh2 Bf6 15. Ng2 Be7 16. Bd2 Ndf6 17. Rc1 Kg7 18. Be1 Qd7 19. Rh1 Bd8 20. Bf2 h5 21. g5 Ng4 22. fxg4 hxg4 23. c5 f3 24. Bb5 c6 25. dxc6 bxc6 26. Ba4 g3 27. Bxg3 Qg4 28. Kf2 fxg2+ 29. Kxg2 Rb8 30. Rc2 Qxd1 31. Rxd1 Bg4 32. Rdd2 Rb4 33. a3 Rc4 34. cxd6 Bf3+ 35. Kh2 Kh7 36. Bb3 Rc5 37. Rf2 Bb6 38. Rf1 Ra5 39. Rd2 Bd4 40. Rd3 1-0

[Event "World ol U16 11th"]
[Site "Istanbul"]
[Date "2012.09.03"]
[Round "8.2"]
[White "Sadikhov, Ulvi Ramil Oglu"]
[Black "Kowsarinia, Amir"]
[Result "1/2-1/2"]
[WhiteElo "2171"]
[BlackElo "2319"]
[PlyCount "68"]
[EventDate "2012.08.29"]
[EventType "team-swiss"]
[EventRounds "10"]
[EventCountry "TUR"]
[SourceTitle "CBM 150 Extra"]
[Source "ChessBase"]
[SourceDate "2012.10.19"]
[SourceVersion "1"]
[SourceVersionDate "2012.10.19"]
[SourceQuality "1"]
[WhiteTeam "Azerbaijan (U16)"]
[BlackTeam "Iran (U16)"]
[WhiteTeamCountry "AZE"]
[BlackTeamCountry "IRI"]

1. e4 c5 2. Nf3 e6 3. d4 cxd4 4. Nxd4 a6 5. Bd3 Bc5 6. Nb3 Ba7 7. Qg4 Nf6 8. Qg3 d6 9. 0-0 Nc6 10. Nc3 b5 11. Be3 0-0 12. Rad1 Ne5 13. Bxa7 Rxa7 14. Qe3 Rd7 15. h3 Bb7 16. f4 Nxd3 17. cxd3 d5 18. d4 dxe4 19. Nc5 Rc7 20. Nxb7 Rxb7 21. Nxe4 Nxe4 22. Qxe4 Rd7 23. f5 exf5 24. Rxf5 Re8 25. Re5 Rxe5 26. Qxe5 Rd5 27. Qe4 g6 28. Qf4 Qb6 29. Qe4 Qd6 30. Qe3 Kg7 31. a3 Qc6 32. Rc1 Qf6 33. Rd1 Qd8 34. Qe4 Qd7 1/2-1/2

[Event "Hamadan Iran op 11th"]
[Site "Hamadan"]
[Date "2012.07.16"]
[Round "8"]
[White "Kheiri, AR."]
[Black "Kowsarinia, Amir"]
[Result "0-1"]
[WhiteElo "2146"]
[BlackElo "2319"]
[PlyCount "96"]
[EventDate "2012.07.11"]
[EventType "swiss"]
[EventRounds "11"]
[EventCountry "IRI"]
[SourceTitle "CBM 149 Extra"]
[Source "ChessBase"]
[SourceDate "2012.08.24"]
[SourceVersion "1"]
[SourceVersionDate "2012.08.24"]
[SourceQuality "1"]

1. d4 d5 2. c4 e6 3. Nf3 c5 4. Nc3 Nc6 5. e3 Nf6 6. a3 a6 7. Bd3 Be7 8. 0-0 0-0 9. dxc5 Bxc5 10. b4 Ba7 11. Bb2 Qe7 12. Rc1 Rd8 13. Qc2 Bd7 14. cxd5 exd5 15. Ng5 h6 16. Nh7 d4 17. Nxf6+ Qxf6 18. Ne2 Qg5 19. exd4 Rac8 20. Qb3 Bxd4 21. h4 Qxh4 22. g3 Qf6 23. Rxc6 Bxc6 24. Nxd4 Rxd4 25. Be2 Qf5 26. Bxd4 Qe4 27. Bf3 Qxf3 28. Qxf3 Bxf3 29. Bc5 g5 30. Re1 Rd8 31. Kh2 g4 32. Be7 Rd5 33. Kg1 Kg7 34. Bh4 f6 35. Rc1 Rd3 36. Ra1 Kf7 37. Kf1 Ke6 38. Re1+ Kf5 39. Re3 Rd2 40. Re1 Ra2 41. Rb1 Rxa3 42. Kg1 Be4 43. Re1 Bf3 44. Rb1 Rd3 45. Kf1 Rd6 46. Ke1 Ke4 47. Rc1 Kd3 48. Rc7 Re6+ 0-1

[Event "Hamadan Iran op 11th"]
[Site "Hamadan"]
[Date "2012.07.12"]
[Round "2"]
[White "Saba, Iraj"]
[Black "Kowsarinia, Amir"]
[Result "0-1"]
[WhiteElo "1975"]
[BlackElo "2319"]
[PlyCount "62"]
[EventDate "2012.07.11"]
[EventType "swiss"]
[EventRounds "11"]
[EventCountry "IRI"]
[SourceTitle "CBM 149 Extra"]
[Source "ChessBase"]
[SourceDate "2012.08.24"]
[SourceVersion "1"]
[SourceVersionDate "2012.08.24"]
[SourceQuality "1"]

1. Nf3 g6 2. g3 Bg7 3. d4 d6 4. Bg2 Nd7 5. c4 e5 6. Nc3 Ne7 7. 0-0 0-0 8. e3 Nb6 9. b3 Nc6 10. d5 e4 11. Nd4 Nxd4 12. exd4 f5 13. f4 exf3 14. Bxf3 Qf6 15. Be3 Re8 16. Bf2 Bd7 17. Qd2 g5 18. Rae1 f4 19. gxf4 Rf8 20. Ne4 Qg6 21. Bg2 gxf4 22. Ng3 fxg3 23. Bxg3 Rxf1+ 24. Rxf1 Rf8 25. Re1 Qf6 26. Bf2 Nc8 27. c5 Ne7 28. b4 Bc8 29. a4 Ng6 30. b5 Nf4 31. Re4 Nxg2 0-1